01677cam a2200181 i 4500020001900000082001900019100002900038245010900067260003400176300001300210504005100223505027600274520082300550650004501373650003201418650002301450650002201473 a9781138205482  a 340.59bJAM-I1 aJamal, Arif A.,eauthor.10aIslam, law, and the modern state :b(re)imagining liberal theory in Muslim contexts /cby Arif A. Jamal. aNew York:bRoutledge,cc2018. axi,149p. aIncludes bibliographical references and index.0 aDeveloping the concept of "justice as discourse" -- Justice as discourse in application -- Muslim contexts I : history and heritage -- Muslim contexts II : contemporary contexts -- Terms of engagement : (re)imagining religion, law, state, and society for Muslim contexts. aWithin the global phenomenon of the (re)emergence of religion into issues of public debate, one of the most salient issues confronting contemporary Muslim societies is how to relate the legal and political heritage that developed in pre-modern Islamic polities to the political order of the modern states in which Muslims now live. This work seeks to develop a framework for addressing this issue. The central argument is that liberal theory, and in particular justice as discourse, can be normatively useful in Muslim contexts for relating religion, law and state. Just as Muslim contexts have developed historically, and continue to develop today, the same is the case with the requisites of liberal theory, and this may allow for liberal choices to be made in a manner that is not a renunciation of Muslim heritage. 0aJustice, Administration of (Islamic law) 0aJustice, Administration of. 0aIslam and justice. 0aReligion and law.